000 01133nam a2200241Ia 4500
000 01280naaa 00241uu
001 https://directory.doabooks.org/handle/20.500.12854/59639
005 20260218110006.0
008 211013s9999 xx 000 0 und d
020 _a9783110628616
024 _a10.1515/9783110628616
042 _adc
245 0 _aSoft Computing. Techniques in Engineering Sciences
260 _bDe Gruyter
_c2020
300 _a1 electronic resource (230 p.)
520 _aSoft computing is used where a complex problem is not adequately specified for the use of conventional math and computer techniques. Soft computing has numerous real-world applications in domestic, commercial and industrial situations. This book elaborates on the most recent applications in various fields of engineering.
540 _aCreative Commons
700 1 _aRam, Mangey
700 1 _aSingh, Suraj B.
856 _uhttps://docs.google.com/spreadsheets/d/1yKIrdCPDAG_9c22mwoOIO2DOhtj65Wqa/edit?usp=sharing&ouid=106555315294820607512&rtpof=true&sd=true
_yList of Curated E-Books
942 _cE-BOOK
999 _c52680
_d52680